| 000 | 00585nam a2200193Ia 4500 | ||
|---|---|---|---|
| 005 | 20250508164202.0 | ||
| 008 | 008 250505s9999 xx 000 0 eng d | ||
| 037 | _aTextual | ||
| 040 |
_aFEDL _beng _cFEDL |
||
| 041 |
_aeng _2eng |
||
| 084 |
_a425, MUR _qFEDL |
||
| 100 | _aMurphy Raymond | ||
| 245 | 0 | _aEssential english grammar : A self-study reference and practice book for elementary students of english | |
| 250 | _a2nd | ||
| 260 |
_aCambridge _bCambridge University Press _c1992 |
||
| 300 | _a300p. | ||
| 942 |
_cTEXL _h425, MUR |
||
| 999 |
_c1387475 _d1387475 |
||